Head first software development / (Record no. 20027)
[ view plain ]
| 000 -LEADER | |
|---|---|
| fixed length control field | 00852cam a22002655a 4500 |
| 001 - CONTROL NUMBER | |
| control field | 16151106 |
| 005 - DATE AND TIME OF LATEST TRANSACTION | |
| control field | 20160112141402.0 |
| 008 - FIXED-LENGTH DATA ELEMENTS--GENERAL INFORMATION | |
| fixed length control field | 100324t2008 caua fr 001 0 eng d |
| 020 ## - INTERNATIONAL STANDARD BOOK NUMBER | |
| International Standard Book Number | 9780596527358 |
| 020 ## - INTERNATIONAL STANDARD BOOK NUMBER | |
| International Standard Book Number | 0596527357 |
| 040 ## - CATALOGING SOURCE | |
| Original cataloging agency | UKM |
| Transcribing agency | UKM |
| Modifying agency | BAKER |
| -- | BTCTA |
| -- | YDXCP |
| -- | OI@ |
| -- | MOU |
| -- | IXA |
| -- | VP@ |
| -- | SGB |
| -- | DLC |
| -- | EG-ScBUE |
| Language of cataloging | eng |
| 082 04 - DEWEY DECIMAL CLASSIFICATION NUMBER | |
| Classification number | 005.1 |
| Edition number | 22 |
| Item number | PIL |
| 100 1# - MAIN ENTRY--PERSONAL NAME | |
| Personal name | Pilone, Dan. |
| 9 (RLIN) | 27856 |
| 245 10 - TITLE STATEMENT | |
| Title | Head first software development / |
| Statement of responsibility, etc | Dan Pilone, Russ Miles. |
| 246 30 - VARYING FORM OF TITLE | |
| Title proper/short title | Software development |
| 260 ## - PUBLICATION, DISTRIBUTION, ETC. (IMPRINT) | |
| Place of publication, distribution, etc | Sebastopol : |
| Name of publisher, distributor, etc | O'Reilly Media, |
| Date of publication, distribution, etc | c.2008. |
| 300 ## - PHYSICAL DESCRIPTION | |
| Extent | xxxvi, 459 p. : |
| Other physical details | ill. ; |
| Dimensions | 24 cm. |
| 500 ## - GENERAL NOTE | |
| General note | Index : p. 449-459. |
| 500 ## - GENERAL NOTE | |
| General note | "A brain friendly guide"--Cover. |
| 650 #7 - SUBJECT ADDED ENTRY--TOPICAL TERM | |
| Topical term or geographic name as entry element | Computer software |
| General subdivision | Development. |
| Source of heading or term | BUEsh |
| 9 (RLIN) | 11535 |
| 651 ## - SUBJECT ADDED ENTRY--GEOGRAPHIC NAME | |
| Source of heading or term | BUEsh |
| 653 ## - INDEX TERM--UNCONTROLLED | |
| Resource For college | Informatics and Computer Science |
| Arrived date list | January2016 |
| 700 1# - ADDED ENTRY--PERSONAL NAME | |
| Personal name | Miles, Russ |
| Fuller form of name | (Russell) |
| 942 ## - ADDED ENTRY ELEMENTS (KOHA) | |
| Source of classification or shelving scheme | Dewey Decimal Classification |
| Withdrawn status | Lost status | Source of classification or shelving scheme | Damaged status | Not for loan | Koha collection | Home library | Current library | Shelving location | Date acquired | Source of acquisition | Cost, normal purchase price | Serial Enumeration / chronology | Total Checkouts | Total Renewals | Full call number | Barcode | Date last seen | Date last borrowed | Cost, replacement price | Koha item type |
|---|---|---|---|---|---|---|---|---|---|---|---|---|---|---|---|---|---|---|---|---|
| Dewey Decimal Classification | Alahram | Central Library | Central Library | Lower Floor | 29/06/2015 | 333.50 | 312 | 1 | 2 | 005.1 PIL | 000039209 | 15/07/2025 | 09/02/2020 | 416.88 | Book - Borrowing |